|
|
|
|
| LEADER |
00000nab a2200000 a 4500 |
| 001 |
vtls000861145 |
| 003 |
SK-MaSNL |
| 005 |
20260302171717.0 |
| 008 |
040806c2004 xo 0 slo |
| 015 |
|
|
|a SNBRB2004/02-03515
|
| 035 |
|
|
|a CLN000212743
|
| 040 |
|
|
|a SNKBUCL
|b slo
|c SNKBUCL
|e AACR2
|
| 041 |
0 |
|
|a slo
|
| 044 |
|
|
|a xo
|c SK
|
| 080 |
|
|
|a 791.43(73)
|2 UDC-MRF-SK2
|
| 100 |
1 |
|
|a Bernát, Daniel
|4 aut
|9 267728
|
| 245 |
1 |
0 |
|a Kruté radosti bratov Coenovcov
|c Daniel Bernát
|
| 300 |
|
|
|b Fotogr.
|
| 630 |
0 |
7 |
|a Neznesiteľná krutosť (film)
|2 snkbucl
|9 876362
|
| 650 |
0 |
7 |
|a americké filmy
|2 snkbucl
|9 847461
|
| 655 |
|
7 |
|a recenzie
|2 snkbucl
|9 21907
|
| 655 |
|
7 |
|a články z novín a časopisov
|2 snkbucl
|9 267496
|
| 773 |
0 |
|
|x 1335-8286
|t Film.sk
|g Roč. 5, č. 1 (2004), s. 26-27
|
| 850 |
|
|
|a Slovenská národná knižnica v Martine
|
| 852 |
|
|
|a SNK
|b KIS3GCP
|
| 999 |
|
|
|c 1396707
|d 1398637
|